Zmierňujú sa podmienky investičnej pomoci
Vláda SR v júni schválila zmeny pri poskytovaní investičnej pomoci. Uzavrela tým reformu zákona o investičnej pomoci, ktorý je účinný od 1. apríla 2018.
Uložené v:
| Médium: | Kapitola |
|---|---|
| Jazyk: | Slovak |
| Predmet: | |
| Tagy: |
Žiadne tagy, Buďte prvý, kto otaguje tento záznam!
|
MARC
| LEADER | 00000naa$a2200000$$$4500 | ||
|---|---|---|---|
| 001 | 0247967 | ||
| 005 | 20181001090915.9 | ||
| 041 | 0 | |a slo | |
| 044 | |a SK | ||
| 245 | 1 | 0 | |a Zmierňujú sa podmienky investičnej pomoci |
| 520 | |a Vláda SR v júni schválila zmeny pri poskytovaní investičnej pomoci. Uzavrela tým reformu zákona o investičnej pomoci, ktorý je účinný od 1. apríla 2018. | ||
| 610 | 2 | 0 | |a Slovensko |
| 610 | 2 | 0 | |a zákony |
| 610 | 2 | 0 | |a stratégia investičná |
| 610 | 2 | 0 | |a dotácie investičné |